[Event "Hoogovens"]
[Site "Wijk aan Zee"]
[Date "1995.??.??"]
[Round "?"]
[White "Onischuk, Alexander"]
[Black "Short, Nigel D"]
[Result "0-1"]
[WhiteElo "2585"]
[BlackElo "2640"]

1.d4 Nf6 2.c4 e6 3.Nc3 Bb4 4.Qc2 d5 5.cxd5 Qxd5 6.Nf3 Qf5 7.Qb3 c5 8.a3 Ba5
9.e3 Nc6 10.Be2 cxd4 11.exd4 Qe4 12.Bd2 Bxc3 13.bxc3 O-O 14.Be3 Na5 15.Qb5 b6
16.Nd2 Qg6 17.Qd3 Bb7 18.Qxg6 hxg6 19.O-O Rac8 20.c4 Ba6 21.Rfc1 Rfd8 22.Rc2 Ne8
23.Rac1 Nd6 24.g4 f6 25.Kf1 g5 26.a4 Nc6 27.Rb2 Nb7 28.c5 Bxe2+ 29.Kxe2 Nxd4+
30.Bxd4 Rxd4 31.a5 Rxc5 32.Rxc5 Nxc5 33.axb6 axb6 34.Rxb6 Rxg4 35.Rc6 Nd7
36.Rxe6 Ne5 37.Nf1 Re4+ 38.Ne3 Kf7 39.Ra6 Ng4 40.Ra7+ Kg6 41.Kf3 Rf4+ 42.Kg3 Ne5
43.Ra2 Rd4 44.h3 Nd3 45.Kh2 Rh4 46.Ng2 Re4 47.Kg3 f5 48.Rd2 f4+ 49.Kf3 Rd4
50.Ke2 Nc1+ 51.Ke1 Nb3 52.Rb2 Rd3 53.h4 f3 54.h5+ Kxh5 55.Ne3 g4 56.Nd1 Kh4
57.Ra2 Nd4 58.Ne3 g3 59.fxg3+ Kxg3 60.Nf1+ Kf4 61.Kf2 g5 62.Ng3 g4 63.Nh5+ Kg5
64.Ng3 Kh4 65.Rb2 Ne2 66.Nf5+ Kh3  0-1

[Event "Hoogovens op"]
[Site "Wijk aan Zee"]
[Date "1995.??.??"]
[Round "6"]
[White "Timman, Jan H"]
[Black "Onischuk, Alexander"]
[Result "1-0"]
[WhiteElo "2635"]
[BlackElo "2590"]

1.e4 e5 2.Nf3 Nc6 3.Bb5 a6 4.Bxc6 dxc6 5.O-O Qd6 6.Na3 Be6 7.Qe2 f6 8.Rd1 Bg4
9.d4 exd4 10.c3 Qe6 11.Nxd4 Bxe2 12.Nxe6 Rc8 13.Re1 Bg4 14.Nxf8 Kxf8 15.f4 Re8
16.Nc2 Bc8 17.b3 g6 18.Bb2 h5 19.c4 Rh7 20.Ba3+ Kf7 21.Rad1 Nh6 22.h3 Rhh8
23.e5 Rd8 24.Nd4 Rhe8 25.Nf3 Rxd1 26.Rxd1 fxe5 27.Nxe5+ Kg7 28.Bb2 Kh7 29.Kf2 Be6
30.Nd7 Ng8 31.Be5 Kh6 32.Nc5 Bc8 33.Bxc7 Nf6 34.Be5 Rf8 35.Rd6 Ng8 36.Kf3 h4
37.Ne6 Re8 38.f5 Ne7 39.Bf4+ Kh7 40.Ng5+  1-0

[Event "Hoogovens op"]
[Site "Wijk aan Zee"]
[Date "1995.??.??"]
[Round "8"]
[White "Onischuk, Alexander"]
[Black "Seirawan, Yasser"]
[Result "1/2-1/2"]
[WhiteElo "2590"]
[BlackElo "2600"]

1.d4 Nf6 2.c4 e6 3.Nc3 d5 4.Bg5 Be7 5.cxd5 exd5 6.e3 c6 7.Qc2 Be6 8.Bd3 Nh5
9.Bxe7 Qxe7 10.Nge2 g6 11.O-O O-O 12.Na4 Nd7 13.Nc5 Nxc5 14.Qxc5 Qxc5 15.dxc5 Ng7
16.Nd4 Bd7 17.b4 Ne6 18.Nb3 b6 19.Rfc1 a5 20.a4 Rfb8 21.cxb6 Rxb6 22.Nxa5 Rxb4
23.Nxc6 Bxc6  1/2-1/2

[Event "Yalta rapid"]
[Site "Yalta"]
[Date "1995.??.??"]
[Round "1"]
[White "Khalifman, Alexander"]
[Black "Onischuk, Alexander"]
[Result "1-0"]
[WhiteElo "2635"]
[BlackElo "2590"]

1.d4 Nf6 2.Nf3 e6 3.c4 b6 4.Nc3 Bb7 5.a3 d5 6.Qc2 Nbd7 7.cxd5 Nxd5 8.Nxd5 exd5
9.Bg5 Qc8 10.g3 Bd6 11.Bh3 h6 12.Bf4 Bxf4 13.gxf4 Qd8 14.Rc1 c6 15.Qf5 g6
16.Qxd7+ Qxd7 17.Bxd7+ Kxd7 18.Ne5+ Ke6 19.Kd2 Rhc8 20.Rc3 c5 21.Rhc1 cxd4
22.Rc7 Rxc7 23.Rxc7 Ba6 24.Rxf7 g5 25.Rh7 Kf5 26.Rxh6 gxf4 27.Rh5+ Kf6 28.Nf3 d3
29.exd3 Rg8 30.Rh6+ Ke7 31.Rh7+ Kd6 32.Rxa7 Bc8 33.Rf7 Rg4 34.Rf6+ Kc5 35.Ne5 Rg2
36.Rc6+ Kd4 37.Rxc8 Rxf2+ 38.Kc1 Rxh2 39.Nf3+  1-0

[Event "Yalta rapid"]
[Site "Yalta"]
[Date "1995.??.??"]
[Round "7"]
[White "Onischuk, Alexander"]
[Black "Kortschnoj, Viktor"]
[Result "1/2-1/2"]
[WhiteElo "2590"]
[BlackElo "2635"]

1.Nf3 Nf6 2.c4 e6 3.Nc3 Bb4 4.Qb3 c5 5.g3 Nc6 6.a3 Ba5 7.Bg2 d5 8.O-O d4
9.Na4 Nd7 10.d3 Bc7 11.e3 O-O 12.exd4 cxd4 13.Qc2 e5 14.b4 h6 15.Re1 Re8
16.Bd2 Nf6 17.b5 Nb8 18.c5 Nbd7 19.Rab1 Nf8 20.b6 axb6 21.Nxb6 Bxb6 22.Rxb6 Ng6
23.Rd6 Bd7 24.Rb1 Ra7 25.Rbb6 Qc7 26.Bxh6 Ba4 27.Qc1 Bc6 28.Nd2 Bxg2 29.Kxg2 Nh7
30.Ne4 gxh6 31.Qxh6 Ra6 32.Rxa6 bxa6 33.Rxa6 Ngf8 34.Qh5 Re6 35.Ra8 Qc6 36.Rb8 Rg6
37.Qf3 Qd7 38.Rb7 Qe6 39.c6 f5 40.Nc5 Qxc6 41.Qxc6 Rxc6 42.Rb5 Nf6 43.a4 Kf7
44.a5 N8d7 45.Nb3 Ne8 46.f4 Nd6 47.Rb4 Rc2+ 48.Kh3 exf4 49.Rxd4 Ke7 50.Rxf4 Ne5
51.Nd4 Ra2 52.Nf3 Nxf3 53.Rxf3  1/2-1/2

[Event "Biel SKA"]
[Site "Biel"]
[Date "1996.??.??"]
[Round "3"]
[White "Onischuk, Alexander"]
[Black "Tukmakov, Vladimir B"]
[Result "1/2-1/2"]
[WhiteElo "2605"]
[BlackElo "2580"]

1.e4 c5 2.Nf3 d6 3.d4 cxd4 4.Nxd4 Nf6 5.Nc3 Nc6 6.Bc4 Qb6 7.Nb3 e6 8.Bf4 Ne5
9.Be2 Bd7 10.Qd2 Rc8 11.Be3 Qc7 12.Nb5 Bxb5 13.Bxb5+ Ned7 14.O-O Be7 15.Bd3 d5
16.exd5 Nxd5 17.Bd4 O-O 18.Rfd1 Bf6 19.c4 N5b6 20.Qe2 Rfd8 21.Qe4 g6 22.Bf1 Na4
23.Bxf6 Nxf6 24.Qe2 e5 25.Rac1 Nc5 26.Nxc5 Qxc5 27.a3 a5 28.b4 axb4 29.axb4 Qxb4
30.Qxe5 Rxd1 31.Rxd1 Qb6 32.Qf4 Kg7 33.h3 Re8 34.Qf3 Re5 35.Bd3 Qb4 36.g3 Re1+
37.Rxe1 Qxe1+ 38.Kg2 b6 39.Qc6 Qc3 40.Be4 h5 41.Bd5 Qd4  1/2-1/2

[Event "Biel SKA"]
[Site "Biel"]
[Date "1996.??.??"]
[Round "5"]
[White "Onischuk, Alexander"]
[Black "Karpov, Anatoly"]
[Result "0-1"]
[WhiteElo "2605"]
[BlackElo "2775"]

1.d4 Nf6 2.c4 e6 3.Nc3 Bb4 4.e3 c5 5.Bd3 d5 6.Ne2 cxd4 7.exd4 Nc6 8.cxd5 Nxd5
9.O-O O-O 10.Bc2 Re8 11.Qd3 g6 12.a3 Bf8 13.Re1 Nxc3 14.bxc3 e5 15.Be3 Bf5
16.Qd1 Bxc2 17.Qxc2 Rc8 18.Qa4 b6 19.Red1 Qd5 20.c4 Qa5 21.Qb5 a6 22.Qd5 exd4
23.Nxd4 Ne5 24.Nb3 Qa4 25.c5 b5 26.Rd4 Nc4 27.Rf4 Rxe3 28.fxe3 Qxb3 29.Qxf7+ Kh8
30.Re4 Nd2 31.Re6 Ne4 32.h4 Qxe3+ 33.Kh1 Qd4  0-1

[Event "Biel SKA"]
[Site "Biel"]
[Date "1996.??.??"]
[Round "7"]
[White "Onischuk, Alexander"]
[Black "Miles, Anthony J"]
[Result "1-0"]
[WhiteElo "2605"]
[BlackElo "2630"]

1.e4 Nc6 2.Nf3 e5 3.Bb5 Nf6 4.O-O Nxe4 5.d4 Nd6 6.Bxc6 dxc6 7.dxe5 Nf5 8.Qxd8+ Kxd8
9.Nc3 Ke8 10.b3 a5 11.Bb2 Bb4 12.Ne4 a4 13.a3 Be7 14.b4 Be6 15.Rfe1 h6 16.h3 Rd8
17.Rad1 Rd7 18.Rxd7 Kxd7 19.g4 Nh4 20.Nxh4 Bxh4 21.Nc5+ Kc8 22.Nxe6 fxe6
23.Re4 Rd8 24.Bd4 b6 25.Kf1 Rf8 26.Ke2 Be7 27.Be3 Kb7 28.f4 Kc8 29.Rd4 Rd8
30.Rc4 Kb7 31.f5 Rd5 32.Re4 Kc8 33.c4 Rd7 34.fxe6 Rd8 35.Rf4 Rf8 36.Rf5 Kd8
37.c5 b5 38.Kf3 Ke8 39.Ke4 Bh4 40.Rxf8+ Kxf8 41.Kf5 Be1 42.Bd4 Bd2 43.Bb2 Bg5
44.Kg6 Kg8 45.Bc1 Bxc1 46.e7 Bxa3 47.e8=Q+  1-0

[Event "Biel SKA"]
[Site "Biel"]
[Date "1996.??.??"]
[Round "8"]
[White "Romanishin, Oleg M"]
[Black "Onischuk, Alexander"]
[Result "1/2-1/2"]
[WhiteElo "2555"]
[BlackElo "2605"]

1.e4 e5 2.Nf3 Nc6 3.Bb5 a6 4.Ba4 Nf6 5.O-O b5 6.Bb3 Bc5 7.c3 d6 8.d4 Bb6
9.Be3 Bg4 10.Qd3 Bxf3 11.gxf3 O-O 12.Nd2 Ne7 13.dxe5 dxe5 14.Qxd8 Rfxd8 15.Rfd1 Ng6
16.a4 Rab8 17.a5 Bxe3 18.fxe3 c5 19.Kf2 c4 20.Bc2 Kf8 21.Nf1 Ne7 22.Ke2 Nc6
23.Rxd8+ Rxd8 24.Nd2 Nd7 25.b3 cxb3 26.Bxb3 Ne7 27.Bd5 Nxd5 28.exd5 Rc8 29.Rc1 Ke7
30.e4 Nc5 31.c4 Nb7 32.Kd1 Nxa5 33.c5 Nb7 34.Nb3 f5 35.exf5 a5 36.c6 Nd6
37.Nxa5 Nxf5 38.Rc5 Nd6 39.Nb7 Rb8 40.Kc2 b4 41.Kb3 Nxb7 42.Rb5 Na5+ 43.Rxa5 Kd6
44.Kc4 b3 45.Ra7 e4 46.f4 Rd8 47.Kxb3 e3 48.Kc2 e2 49.Kd2 e1=Q+ 50.Kxe1 Re8+
51.Kf2 Kxd5 52.Rxg7 Kxc6 53.Rxh7 Kd6 54.h4 Ke6 55.Rg7 Kf5 56.Kf3 Re1 57.Rg5+ Kf6
58.Kg4 Rg1+ 59.Kh5 Rh1 60.Rg8 Rh2 61.Rg5 Rh1 62.Ra5 Rf1 63.Ra6+ Kf5 64.Ra8 Kf6
65.Kh6 Rg1 66.h5 Rg4 67.Ra6+ Kf7 68.f5 Rg1 69.Ra7+ Kf6 70.Kh7 Kxf5 71.Ra6 Rb1
72.Rg6 Rb7+ 73.Rg7 Rb8 74.h6 Kf6 75.Rg6+ Kf7 76.Rg1 Rb2 77.Rg7+ Kf8  1/2-1/2

[Event "Biel SKA"]
[Site "Biel"]
[Date "1996.??.??"]
[Round "9"]
[White "Onischuk, Alexander"]
[Black "Lautier, Joel"]
[Result "0-1"]
[WhiteElo "2605"]
[BlackElo "2620"]

1.d4 Nf6 2.Nf3 e6 3.e3 b6 4.Bd3 Bb7 5.O-O Be7 6.b3 O-O 7.Bb2 c5 8.Nbd2 Nc6
9.dxc5 bxc5 10.e4 d6 11.Re1 Qc7 12.a3 a5 13.e5 dxe5 14.Nxe5 Nxe5 15.Bxe5 Qc6
16.f3 a4 17.Qe2 Rfd8 18.bxa4 Qxa4 19.Nc4 Nd7 20.Bc7 Rdc8 21.Bg3 Bd5 22.Rab1 Qc6
23.Ne3 c4 24.Nxd5 Bc5+ 25.Ne3 cxd3 26.cxd3 Rxa3 27.Kh1 Bxe3 28.Qxe3 Qd5 29.Red1 Rcc3
30.Qf4 h6 31.h4 Rxd3 32.Rxd3 Rxd3 33.Kh2 Rd2 34.Ra1 Re2 35.Re1 Rb2 36.Qc1 Rd2
37.Bf4 Ra2 38.Qb1 Nf8 39.Qe4 Qd8 40.Be3 Ng6 41.Kh3 Qa5 42.Rc1 Re2 43.Qd4 Qf5+
44.Kg3 Ne5 45.Rg1 Nd3 46.Bc1 Kh7 47.Rd1 Ne1  0-1

[Event "Biel SKA"]
[Site "Biel"]
[Date "1996.??.??"]
[Round "11"]
[White "Onischuk, Alexander"]
[Black "Andersson, Ulf"]
[Result "1/2-1/2"]
[WhiteElo "2605"]
[BlackElo "2640"]

1.e4 c5 2.Nf3 e6 3.d4 cxd4 4.Nxd4 Nf6 5.Nc3 d6 6.f4 a6 7.Qf3 Qc7 8.f5 Nc6
9.Nxc6 bxc6 10.Bd3 Be7 11.g4 Nd7 12.Bf4 Rb8 13.O-O-O Qb6 14.b3 Qc5 15.Nb1 Bf6
16.g5 Be5 17.Rhf1 Bxf4+ 18.Qxf4 Ne5 19.Be2 a5 20.Qd2 Rb4 21.Nc3 exf5 22.a3 Rb8
23.Qxd6 Qxd6 24.Rxd6 Ke7 25.Rd4 h6 26.gxh6 Rxh6 27.exf5 Rxh2 28.Ra4 Ra8 29.Re4 f6
30.Na4 Rb8 31.Nc5 Kd6 32.Nd3 Rxe2 33.Rxe2 Nxd3+ 34.cxd3 Rxb3 35.a4 Ba6 36.Rf3 Ra3
37.Re4 Kd5 38.Kd2 c5 39.Re6 Bb7 40.Re7 Bc6 41.Rxg7 Rxa4 42.Rf7 Ra2+ 43.Ke3 Ra3
44.Rxf6 c4 45.Kf4 cxd3 46.Rf2 Rc3 47.Ke3 a4 48.Rf8 a3 49.f6 d2+ 50.Kxd2 a2
51.Rf1 Rf3 52.Rd1 Ke6 53.Re1+ Kd7 54.Re7+ Kd6 55.Ra7 Bd5 56.Ke2 Rf5 57.Ra6+ Ke5
58.Rfa8  1/2-1/2

[Event "BL2-N9596"]
[Site "Germany"]
[Date "1996.??.??"]
[Round "?"]
[White "Chekhov, Valery A"]
[Black "Onischuk, Alexander"]
[Result "1-0"]
[WhiteElo "2505"]
[BlackElo "2580"]

1.d4 Nf6 2.c4 e6 3.Nc3 Bb4 4.Qc2 O-O 5.a3 Bxc3+ 6.Qxc3 b6 7.Bg5 Bb7 8.Nf3 d6
9.e3 Nbd7 10.Nd2 c5 11.f3 Rc8 12.dxc5 Rxc5 13.Bh4 d5 14.b4 Rc8 15.Qb2 Qc7
16.Bg3 e5 17.Be2 Nh5 18.Bf2 d4 19.O-O dxe3 20.Bxe3 Nf4 21.Bxf4 exf4 22.Nb3 Rfe8
23.Rfd1 Re3 24.Rd2 Qe5 25.Rad1 Qxb2 26.Rxb2 Nf6 27.a4 Rce8 28.Bf1 h5 29.a5 h4
30.h3 Nh5 31.c5 Ng3 32.cxb6 axb6 33.axb6 Nxf1 34.Rxf1 R8e6 35.Na5 Ba6 36.b7 Rb6
37.b5 Bxb5 38.Rfb1 Re5 39.Nc4  1-0

[Event "BL2-N9596"]
[Site "Germany"]
[Date "1996.??.??"]
[Round "?"]
[White "Lagunow, Alexander"]
[Black "Onischuk, Alexander"]
[Result "1/2-1/2"]
[WhiteElo "2420"]
[BlackElo "2580"]

1.Nf3 f5 2.g3 Nf6 3.Bg2 d6 4.d4 g6 5.O-O Bg7 6.c4 O-O 7.Nc3 Qe8 8.b3 Na6
9.Ba3 h6 10.Qd3 g5 11.e4 fxe4 12.Nxe4 Qg6 13.Nxf6+ Qxf6 14.Rae1 Bf5 15.Qd2 Rae8
16.Bb2 e6 17.Re3 Qf7 18.h4 Bf6 19.hxg5 hxg5 20.Nh2 Nb8 21.Rfe1 g4 22.Qe2 Bg5
23.Nxg4 Bxe3 24.Nxe3 Qg6 25.Nxf5 exf5 26.Bd5+ Kh7 27.Be6 f4 28.d5 fxg3 29.f3 Rf4
30.Bf5 Rxe2 31.Bxg6+ Kxg6 32.Rxe2 Rxf3 33.Bd4 Na6 34.Kg2 Rd3 35.Bxa7 b6 36.Re8 Kf5
37.Rg8 Kf4 38.Rf8+ Ke5 39.Ra8 Nc5 40.Bb8 Ne4 41.Bxc7 Rd2+ 42.Kf3 Rf2+ 43.Ke3 Nf6
44.Bxb6 Ng4+ 45.Kd3 Rf7 46.Ra7 Rf8 47.Rg7 Kf4 48.c5 dxc5 49.Bxc5 g2 50.d6 Rf5
51.d7 Rd5+ 52.Ke2 Re5+ 53.Kd3 Rd5+  1/2-1/2

[Event "BL2-N9596"]
[Site "Germany"]
[Date "1996.??.??"]
[Round "?"]
[White "Onischuk, Alexander"]
[Black "Hansen, Lars Bo"]
[Result "1-0"]
[WhiteElo "2580"]
[BlackElo "2565"]

1.c4 e6 2.Nf3 Nf6 3.g3 d5 4.b3 Be7 5.Bg2 O-O 6.O-O c5 7.Bb2 Nc6 8.e3 b6 9.Nc3 dxc4
10.bxc4 Bb7 11.Qe2 a6 12.Rac1 Na7 13.Rfd1 b5 14.d4 cxd4 15.Nxd4 Qb6 16.Bxb7 Qxb7
17.cxb5 axb5 18.Ncxb5 Nxb5 19.Nxb5 Ra5 20.Bxf6 Bxf6 21.Nd6 Qa8 22.Rc2 Rd8
23.Rdc1 Qa6 24.Qxa6 Rxa6 25.Nb7 Rf8 26.Nc5 Ra7 27.Ne4 h6 28.h4 Ra4 29.Nd6 Ra6
30.Nb5 Ra5 31.Nd6 Ra6 32.Nc8 Rd8 33.Rb1 Ra8 34.Nb6 Ra7 35.Kg2 Kh7 36.Rb5 Rd1
37.Nc8 Ra8 38.Rb7 Kg6 39.Nb6 Rb1 40.Nxa8 Rxb7 41.Nc7 Be5 42.Na6 Rb6 43.Nc5 Rc6
44.Rc1 Bb2 45.Rb1 Rxc5 46.Rxb2 Ra5 47.Kf3 Kf5 48.Rd2 g5 49.hxg5 hxg5 50.Ke2 Ra3
51.Kd1 Ke4 52.Kc1 Ra8 53.Kb2 e5 54.a3 f5 55.Kb3 f4 56.exf4 exf4 57.a4 fxg3
58.fxg3 Rf8 59.Rc2 Rb8+ 60.Ka3 Rb1 61.Rc3 Kd5 62.a5 Kd6 63.Rc4 Rf1 64.Ka4 Rf8
65.a6 Kd5 66.Rc3 Kd4 67.Rc7 Rf1 68.a7 Ra1+ 69.Kb4 g4 70.Kb5 Kd5 71.Kb6 Kd6
72.Rc4 Ra3 73.Rd4+ Ke5 74.Rxg4  1-0

[Event "BL2-N9596"]
[Site "Germany"]
[Date "1996.??.??"]
[Round "?"]
[White "Onischuk, Alexander"]
[Black "Hochgraefe, Markus"]
[Result "1-0"]
[WhiteElo "2575"]
[BlackElo "2290"]

1.e4 e6 2.Qe2 c5 3.Nf3 Nc6 4.g3 Nf6 5.Bg2 d5 6.d3 Be7 7.O-O O-O 8.e5 Nd7
9.c4 d4 10.Re1 Qc7 11.Bf4 a6 12.Nbd2 Re8 13.h4 Bf8 14.Ne4 Qd8 15.h5 h6 16.g4 f6
17.exf6 Nxf6 18.Nxf6+ Qxf6 19.Bg3 Bd7 20.Ne5 Rad8 21.Ng6 Qf7 22.f4 Bd6 23.Rf1 b5
24.Be4 bxc4 25.dxc4 Rb8 26.Qg2 Rb6 27.Rae1 Reb8 28.b3 Ne7 29.Ne5 Bxe5 30.fxe5 Qe8
31.Bb1 Kh8 32.Qc2 Qg8 33.Rf7 Re8 34.Ref1 Rbb8 35.Bh4 Nf5 36.gxf5 Qxf7 37.fxe6 Qg8
38.exd7 Rxe5 39.d8=Q  1-0

[Event "BL2-N9596"]
[Site "Germany"]
[Date "1996.??.??"]
[Round "?"]
[White "Onischuk, Alexander"]
[Black "Votava, Jan"]
[Result "1/2-1/2"]
[WhiteElo "2575"]
[BlackElo "2440"]

1.e4 d5 2.exd5 Qxd5 3.Nc3 Qa5 4.d4 Nf6 5.Nf3 c6 6.Bd2 Bf5 7.h3 Nbd7 8.Nh4 Bg6
9.Nxg6 hxg6 10.Bc4 e6 11.d5 Qc5 12.dxc6 Qxc4 13.cxd7+ Kxd7 14.Qf3 Qc6 15.Qd3+ Ke8
16.O-O Rd8 17.Qe2 Rh5 18.Rfd1 a6 19.Bf4 Nd5 20.Be5 f6 21.Nxd5 Rxd5 22.Rxd5 Qxd5
23.Bg3 Qc6 24.c4 Kf7 25.b3 Be7 26.Rd1 Rh8 27.Rd4 Rd8 28.Rxd8 Bxd8 29.Qd3 Bc7
30.Bxc7 Qxc7 31.h4 a5 32.g3 b6 33.a3 Qc6 34.b4 axb4 35.axb4 e5 36.b5 Qc5
37.Qd7+ Kf8 38.Qd8+ Kf7 39.Qd7+ Kf8 40.Qd3 Kf7 41.Kg2 Kf8 42.Qd8+ Kf7 43.Qd7+ Kf8
44.Qe6 Qd4 45.Qc6 Ke7 46.Qc7+ Ke6 47.Qc8+ Ke7 48.Qc6 Qd6 49.Qb7+ Kf8 50.Qc8+ Kf7
51.c5 Qd5+ 52.Kh2 Qd4 53.Qc7+  1/2-1/2

[Event "Bundesliga 9697"]
[Site "Germany"]
[Date "1996.??.??"]
[Round "?.1"]
[White "Bologan, Viktor"]
[Black "Onischuk, Alexander"]
[Result "1/2-1/2"]
[WhiteElo "2600"]
[BlackElo "2605"]

1.e4 e5 2.Nf3 Nc6 3.Bc4 Nf6 4.d3 h6 5.O-O d6 6.c3 g6 7.d4 Qe7 8.Re1 Bg7 9.Nbd2 O-O
10.h3 a6 11.Nf1 b5 12.Bb3 Na5 13.Bc2 c5 14.b3 cxd4 15.cxd4 Nc6 16.Bb2 Bb7
17.d5 Nb8 18.a4 bxa4 19.Rxa4 Nbd7 20.N1d2 Nb6 21.Ra5 Qc7 22.b4 Nh5 23.g3 Qd7
24.Kh2 Bc8 25.Ng1 Qe8 26.g4 Nf4 27.Ne2 Nxe2 28.Qxe2 Bf6 29.f4 Bh4 30.fxe5 Bxe1
31.Qxe1 dxe5 32.Qe3 Nd7 33.Nc4 Qe7 34.Ba4 Qxb4 35.Bxd7 Qxc4 36.Bxe5 Bxd7
37.Qxh6 Qe2+ 38.Kg1 Qe1+ 39.Kh2 Qf2+ 40.Kh1 Qf1+ 41.Kh2  1/2-1/2

[Event "Koop Tjuchem"]
[Site "Groningen"]
[Date "1996.??.??"]
[Round "1"]
[White "Onischuk, Alexander"]
[Black "Svidler, Peter"]
[Result "1/2-1/2"]
[WhiteElo "2605"]
[BlackElo "2650"]

1.e4 c5 2.Nf3 d6 3.d4 cxd4 4.Nxd4 Nf6 5.Nc3 Nc6 6.Bc4 Qb6 7.Ndb5 a6 8.Be3 Qa5
9.Nd4 e6 10.O-O Be7 11.Bb3 O-O 12.f4 Bd7 13.f5 Nxd4 14.Bxd4 exf5 15.exf5 Bc6
16.Qd3 Nd7 17.Rad1 Rae8 18.Qg3 Bf6 19.Qxd6 Bxd4+ 20.Qxd4 Nf6 21.h3 Re5 22.Qf2 Rfe8
23.Rde1 h5 24.Rxe5 Rxe5 25.a3 Bd7 26.Qd4 Rxf5 27.Rxf5 Bxf5 28.Qd6 Nd7 29.Bd5 b6
30.Qe7 Qc5+ 31.Qxc5 Nxc5 32.b4 Nd7 33.Ne4 Ne5 34.Kf2 Kf8 35.Ke3 f6 36.c4 a5
37.bxa5 bxa5 38.Kd4 Ke7 39.Kc5 Nd3+ 40.Kb5 Nf4 41.Nc3 Nxd5 42.Nxd5+ Kd6 43.Nb6 Bd3
44.Kxa5 Bf1 45.g3 Bxh3 46.Kb5 Bg2 47.c5+ Kc7 48.Kc4 g5 49.Kd4 Kc6 50.Ke3 Bd5
51.Kd4 Bg2 52.Na4 h4 53.gxh4 gxh4 54.Ke3 Kb5 55.Nc3+ Kxc5 56.Kf2 Bc6 57.Ne2 Kd6
58.Nf4 Be4 59.a4 Ke5 60.Ne2 Kf5 61.Kg1 Kg4 62.Kh2 f5 63.a5 f4 64.Ng1 Bb7
65.Nh3 Bc8 66.Ng1 f3 67.Nh3 Kf5 68.Nf2 Kf4 69.Kg1 Ke3 70.Nh1 Ba6 71.Nf2 Bb5
72.Ng4+ Ke2 73.Nf2 Ke1 74.Nh1 Bf1 75.Nf2  1/2-1/2

[Event "Koop Tjuchem"]
[Site "Groningen"]
[Date "1996.??.??"]
[Round "2"]
[White "Sokolov, Ivan"]
[Black "Onischuk, Alexander"]
[Result "1/2-1/2"]
[WhiteElo "2670"]
[BlackElo "2605"]

1.d4 f5 2.g3 Nf6 3.Nh3 d6 4.Bg2 e5 5.O-O Nc6 6.c3 g6 7.dxe5 Nxe5 8.Qb3 c6
9.Nd2 Qe7 10.Nf4 g5 11.Nd3 Be6 12.Qc2 Bg7 13.Nb3 Nf7 14.Nd4 O-O 15.Ne1 Qd7
16.Nef3 Ne4 17.Nxe6 Qxe6 18.Qb3 Qe7 19.Be3 d5 20.c4 dxc4 21.Qxc4 Bxb2 22.Rad1 Bg7
23.Nd4 Nd6 24.Qc5 Qf6 25.Nb3 Rfe8 26.Bd4 Qe6 27.e3 Ne4 28.Qc2 Bxd4 29.Rxd4 Ned6
30.Rfd1 Rad8 31.h4 h6 32.hxg5 hxg5 33.a4 Qe5 34.a5 Nb5 35.Rxd8 Rxd8 36.Rxd8+ Nxd8
37.a6 bxa6 38.Qd3 Nf7 39.Bxc6 Kg7 40.Qd7 Kf6 41.Qb7 f4 42.Qxa6 Nc7 43.Qxa7 fxg3
44.f3 Qb2 45.Qd4+ Qxd4 46.Nxd4 Ne6 47.Nc2 g4 48.f4 Nxf4 49.exf4 Kf5  1/2-1/2

[Event "Koop Tjuchem"]
[Site "Groningen"]
[Date "1996.??.??"]
[Round "5"]
[White "Onischuk, Alexander"]
[Black "Timman, Jan H"]
[Result "1/2-1/2"]
[WhiteElo "2605"]
[BlackElo "2590"]

1.e4 e5 2.Nf3 Nc6 3.Bb5 a6 4.Ba4 Nf6 5.O-O Be7 6.Re1 b5 7.Bb3 O-O 8.a4 Bb7
9.d3 d6 10.c3 Nd7 11.Nbd2 Nc5 12.axb5 axb5 13.Rxa8 Qxa8 14.Bc2 Bf6 15.b4 Ne6
16.Nf1 g6 17.Ne3 Bg7 18.Bb3 Qd8 19.h4 Ne7 20.Ng4 Bc8 21.Ng5 Nf4 22.Bxf4 exf4
23.Qf3 Bxg4 24.Qxg4 Bxc3 25.Qxf4 d5 26.Rc1 Bxb4 27.h5 Bd6 28.Qh4 Kg7 29.hxg6 Nxg6
30.Qxh7+ Kf6 31.Qh6 Rh8 32.Nh7+ Ke7 33.Qg5+ Ke8 34.Bxd5 Qxg5 35.Nxg5 Nf4
36.Nxf7 Ne2+ 37.Kf1 Ng3+ 38.fxg3 Rh1+ 39.Ke2 Rxc1 40.Nxd6+ cxd6 41.Kd2 Rc7
42.g4 Kf8 43.Ba2 Kg7 44.d4 Kf6 45.Kd3 b4 46.Bc4 Rc8 47.g5+ Kxg5 48.e5 dxe5
49.dxe5 Kf5 50.e6 Ke5 51.g4 Kd6 52.g5 Rc5 53.g6 Rg5 54.Bb3 Rg4 55.e7 Kxe7
56.Bf7 Kd6 57.Kc2 Kc5 58.Kb2 Rg1 59.Kc2 Rg2+ 60.Kb3 Rg3+ 61.Kb2 Kb5 62.Be8+ Kc4
63.Bf7+ Kc5 64.Kc2 Kd4 65.Kb2 b3 66.Bxb3 Rxg6 67.Ba2 Rb6+ 68.Kc2  1/2-1/2

[Event "Koop Tjuchem"]
[Site "Groningen"]
[Date "1996.??.??"]
[Round "8"]
[White "Onischuk, Alexander"]
[Black "Hodgson, Julian M"]
[Result "1-0"]
[WhiteElo "2605"]
[BlackElo "2550"]

1.e4 c5 2.Nf3 d6 3.d4 cxd4 4.Nxd4 Nf6 5.Nc3 g6 6.Be3 Bg7 7.f3 O-O 8.Qd2 Nc6
9.O-O-O Bd7 10.g4 Rc8 11.h4 Ne5 12.h5 Nxf3 13.Nxf3 Bxg4 14.Be2 Bxh5 15.Bxa7 Ng4
16.Nd5 e6 17.Nf4 Ra8 18.Nxh5 gxh5 19.Bd4 Rxa2 20.Qb4 e5 21.Bb6 Qa8 22.c3 Bh6+
23.Kc2 Be3 24.Nd2 Bc5 25.Bxc5 dxc5 26.Qxc5 Rc8 27.Qb5 Ne3+ 28.Kb3 Rc6 29.Rdg1+ Kh8
30.Ra1 Rxa1 31.Rxa1 Qd8 32.Qxe5+ f6 33.Qd4 Rb6+ 34.Ka2 Qa8+ 35.Kb1 Qxa1+
36.Kxa1 Nc2+ 37.Ka2 Nxd4 38.cxd4 h4 39.Bg4 Ra6+ 40.Kb1 Ra8 41.Nf3 Rg8 42.Be6 Rg2
43.d5 Kg7 44.d6 Kf8 45.Nxh4  1-0

[Event "Koop Tjuchem"]
[Site "Groningen"]
[Date "1996.??.??"]
[Round "9"]
[White "Gelfand, Boris"]
[Black "Onischuk, Alexander"]
[Result "1/2-1/2"]
[WhiteElo "2665"]
[BlackElo "2605"]

1.e4 e5 2.Nf3 Nc6 3.Bc4 Nf6 4.d3 Be7 5.O-O O-O 6.Bb3 d6 7.c3 h6 8.Nbd2 Re8
9.Re1 Bf8 10.h3 Be6 11.Ba4 Bd7 12.Nf1 Ne7 13.Bc2 Ng6 14.d4 c5 15.Ng3 cxd4
16.cxd4 Rc8 17.Be3 Qa5 18.Bd2 Qc7 19.Rc1 Nf4 20.Bc3 Qb8 21.Qd2 Ng6 22.Bb3 Bc6
23.Qd1 Nf4 24.Qd2 Ng6 25.Qd1 Nf4 26.Qd2 Ng6 27.Qd1  1/2-1/2

[Event "Koop Tjuchem"]
[Site "Groningen"]
[Date "1996.??.??"]
[Round "11"]
[White "Short, Nigel D"]
[Black "Onischuk, Alexander"]
[Result "1/2-1/2"]
[WhiteElo "2695"]
[BlackElo "2605"]

1.e4 e5 2.Bc4 Nf6 3.d3 Nc6 4.Nc3 Na5 5.Nge2 c6 6.O-O b5 7.Bb3 b4 8.Nb1 d5
9.Nd2 Nxb3 10.axb3 Bd6 11.h3 h5 12.c4  1/2-1/2

[Event "Meisdorf op"]
[Site "Meisdorf"]
[Date "1996.??.??"]
[Round "?"]
[White "Onischuk, Alexander"]
[Black "Arbakov, Valentin"]
[Result "0-1"]
[WhiteElo "2580"]
[BlackElo "2455"]

1.c4 Nf6 2.d4 c5 3.Nf3 cxd4 4.Nxd4 b6 5.Nc3 Bb7 6.f3 a6 7.e4 e6 8.Be3 Qc7
9.Be2 Bd6 10.Qd2 Be7 11.O-O d6 12.Rac1 Nbd7 13.Qc2 Rc8 14.f4 g6 15.Kh1 Qb8
16.f5 gxf5 17.exf5 e5 18.Nf3 Rg8 19.Qb3 Qa8 20.Rcd1 h5 21.Na4 h4 22.Nxb6 Nxb6
23.Qxb6 h3 24.g3 Rxc4 25.Qb3 d5 26.Kg1 Rb4 27.Qc2 Ng4 28.Bf2 d4 29.Ne1 Nxf2
30.Rxf2 Rb6 31.Qc7 Qd8 32.Qxe5 Qd6 33.Qxd6 Rxd6 34.Bf3 Bc8 35.Be4 Bg5 36.Re2 Kf8
37.Nf3 Bf6 38.Kf2 a5 39.Rc2 Bd7 40.Rc5 a4 41.Ne5 Kg7 42.Nc4 Ra6 43.g4 Re8
44.Kf3 Kh6 45.Rd3 Kg5 46.Bd5 Re1 47.Nd2 Rb6 48.Ne4+ Rxe4 49.Bxe4 Rxb2 50.Kg3 Bb5
51.Rf3 Be2 52.Rf2 d3 53.Rd5 d2 54.Rxe2 d1=Q 55.Rxd1 Rxe2 56.Bd5 Be5+ 57.Kf3 Rxh2
58.Bxf7 Rg2 59.Rh1 Kh4 60.Ke4  0-1

[Event "Meisdorf op"]
[Site "Meisdorf"]
[Date "1996.??.??"]
[Round "?"]
[White "Onischuk, Alexander"]
[Black "Lutz, Christopher"]
[Result "1/2-1/2"]
[WhiteElo "2580"]
[BlackElo "2555"]

1.e4 c5 2.Nf3 d6 3.d4 cxd4 4.Nxd4 Nf6 5.Nc3 a6 6.f4 e5 7.Nf3 Nbd7 8.a4 Be7
9.Bc4 O-O 10.O-O Qc7 11.Qe2 exf4 12.Bxf4 Ne5 13.Nxe5 dxe5 14.Be3 Be6 15.Bxe6 fxe6
16.a5 Bc5 17.Bxc5 Qxc5+ 18.Qf2 Qb4 19.Qb6 Qd4+ 20.Qxd4 exd4 21.Ne2 e5 22.c3 Nxe4  1/2-1/2

[Event "Meisdorf op"]
[Site "Meisdorf"]
[Date "1996.??.??"]
[Round "?"]
[White "Berelovich, Aleksandar"]
[Black "Onischuk, Alexander"]
[Result "0-1"]
[WhiteElo "2505"]
[BlackElo "2580"]

1.e4 e5 2.Nf3 Nc6 3.Bb5 a6 4.Ba4 Nf6 5.O-O b5 6.Bb3 Bc5 7.c3 d6 8.d4 Bb6
9.Be3 Bg4 10.d5 Bxe3 11.fxe3 Na5 12.Nbd2 Nxb3 13.axb3 c6 14.dxc6 Qb6 15.Qe1 O-O
16.Nh4 Nh5 17.h3 Be6 18.g4 Nf4 19.Kh2 Ng6 20.Nf5 Qxc6 21.Qg3 f6 22.h4 Rf7
23.h5 Ne7 24.h6 Bxf5 25.gxf5 g6 26.fxg6 hxg6 27.Rf2 Raf8 28.Raf1 d5 29.exd5 Qxd5
30.e4 Qe6 31.Nf3 g5 32.Nh4 Kh7 33.Nf5 Nxf5 34.Rxf5 Qxb3 35.R5f2 Qe6 36.Kg2 Rg8
37.Rd2 g4 38.Qf2 Rg5 39.Rfd1 f5 40.Qh4 Qxh6 41.Rh1 Qxh4 42.Rxh4+ Kg7 43.exf5 Rfxf5
44.Rd7+ Rf7 45.Rh7+ Kxh7 46.Rxf7+ Kg6 47.Ra7 Kf5 48.Rxa6 Kf4 49.b3 e4 50.c4 bxc4
51.bxc4 Rc5 52.Ra4 e3 53.Rb4 g3 54.Rb1 e2  0-1

[Event "Vienna op"]
[Site "Vienna"]
[Date "1996.??.??"]
[Round "1"]
[White "Onischuk, Alexander"]
[Black "Polak, Tomas"]
[Result "0-1"]
[WhiteElo "2605"]
[BlackElo "2445"]

1.e4 c6 2.c4 d5 3.exd5 cxd5 4.d4 Nf6 5.Nc3 e6 6.Nf3 Bb4 7.cxd5 Nxd5 8.Bd2 Nc6
9.Bd3 O-O 10.O-O Be7 11.Rc1 Ndb4 12.Bb1 Nxd4 13.Nxd4 Qxd4 14.Nb5 Qf6 15.Rc3 e5
16.Nc7 Rb8 17.Rg3 Qc6 18.Qh5 g6 19.Rc1 Qd6 20.Be3 Nc6 21.Nb5 Qb4 22.Bh6 e4
23.Bxf8 Bxf8 24.Qe2 a6 25.Nc3 f5 26.a3 Qe7 27.Ba2+ Kh8 28.Qc4 Qg7 29.Na4 Ne5
30.Qd5 Bd7 31.Rc7 Bc6 32.Qe6 Bd7 33.Qb6 Qh6 34.Rh3 Qd2 35.g4 Nf3+ 36.Kg2 Qd1  0-1

[Event "Vienna op"]
[Site "Vienna"]
[Date "1996.??.??"]
[Round "2"]
[White "Jelen, Igor"]
[Black "Onischuk, Alexander"]
[Result "0-1"]
[WhiteElo "2415"]
[BlackElo "2605"]

1.d4 Nf6 2.c4 e6 3.Nc3 Bb4 4.Qc2 O-O 5.a3 Bxc3+ 6.Qxc3 b6 7.Bg5 Bb7 8.f3 h6
9.Bh4 d5 10.e3 Nbd7 11.cxd5 Nxd5 12.Bxd8 Nxc3 13.Bh4 Nd5 14.Bf2 c5 15.e4 Nf4
16.Bb5 Rad8 17.g3 Ng6 18.Rd1 f5 19.exf5 exf5 20.h4 cxd4 21.Bxd4 Nde5 22.Be2 h5
23.Rh2 Rde8 24.Kf1 f4 25.Kg2 Ng4 26.Rh3 fxg3 27.Bc4+ Kh8 28.Kxg3 Nh6 29.Bd3 Nf4
30.Rh2 Nxd3 31.Rxd3 Nf5+ 32.Kh3 Bc8 33.Kg2 Rd8 34.Ne2 Ba6  0-1